An OGLE view of the bulge and Sagittarius

Saved in:
Bibliographic Details
Main Authors: Jin, Shoko (Author) , Grebel, Eva K. (Author) , Haschke, Raoul (Author)
Format: Chapter/Article Conference Paper
Language:English
Published: 2014
In: Setting the scene for Gaia and LAMOST (IAU S298) - the current and next generations of surveys and models
Year: 2014, Pages: 415
Subjects:
Online Access: Get full text
Author Notes:Shoko Jin; Eva K. Grebel; Raoul Haschke

MARC

LEADER 00000caa a22000002c 4500
001 1486417213
003 DE-627
005 20220811144327.0
007 tu
008 141103s2014 xx ||||| 00| ||eng c
035 |a (DE-627)1486417213 
035 |a (DE-576)416417213 
035 |a (DE-599)BSZ416417213 
035 |a (OCoLC)1340654088 
040 |a DE-627  |b ger  |c DE-627  |e rakwb 
041 |a eng 
084 |a 29  |2 sdnb 
100 1 |a Jin, Shoko  |0 (DE-588)1069089362  |0 (DE-627)82127435X  |0 (DE-576)416417108  |4 aut 
245 1 3 |a An OGLE view of the bulge and Sagittarius  |c Shoko Jin; Eva K. Grebel; Raoul Haschke 
264 1 |c 2014 
300 |a 1 
336 |a Text  |b txt  |2 rdacontent 
337 |a ohne Hilfsmittel zu benutzen  |b n  |2 rdamedia 
338 |a Band  |b nc  |2 rdacarrier 
655 7 |a Konferenzschrift  |0 (DE-588)1071861417  |0 (DE-627)826484824  |0 (DE-576)433375485  |2 gnd-content 
700 1 |a Grebel, Eva K.  |d 1966-  |0 (DE-588)1020239085  |0 (DE-627)691153221  |0 (DE-576)359782833  |4 aut 
700 1 |a Haschke, Raoul  |0 (DE-588)1020239220  |0 (DE-627)691153280  |0 (DE-576)306610396  |4 aut 
773 0 8 |i In  |t Setting the scene for Gaia and LAMOST (IAU S298) - the current and next generations of surveys and models  |d Cambridge [u.a.] : Cambridge University Press, 2014  |g (2014), Seite 415  |h XXVI, 460 S.  |w (DE-627)1607278219  |w (DE-576)400576414  |z 9781107045293  |7 nnam  |a An OGLE view of the bulge and Sagittarius 
773 1 8 |g year:2014  |g pages:415  |g extent:1  |a An OGLE view of the bulge and Sagittarius 
951 |a AR 
992 |a 20141103 
993 |a ConferencePaper 
994 |a 2014 
998 |g 1020239220  |a Haschke, Raoul  |m 1020239220:Haschke, Raoul  |d 700000  |d 714000  |d 714100  |e 700000PH1020239220  |e 714000PH1020239220  |e 714100PH1020239220  |k 0/700000/  |k 1/700000/714000/  |k 2/700000/714000/714100/  |p 3  |y j 
998 |g 1020239085  |a Grebel, Eva K.  |m 1020239085:Grebel, Eva K.  |d 700000  |d 714000  |d 714100  |e 700000PG1020239085  |e 714000PG1020239085  |e 714100PG1020239085  |k 0/700000/  |k 1/700000/714000/  |k 2/700000/714000/714100/  |p 2 
999 |a KXP-PPN1486417213  |e 2819408338 
BIB |a Y 
JSO |a {"physDesc":[{"extent":"1 S."}],"recId":"1486417213","person":[{"role":"aut","family":"Jin","given":"Shoko","display":"Jin, Shoko"},{"family":"Grebel","display":"Grebel, Eva K.","given":"Eva K.","role":"aut"},{"family":"Haschke","given":"Raoul","display":"Haschke, Raoul","role":"aut"}],"origin":[{"dateIssuedKey":"2014","dateIssuedDisp":"2014"}],"language":["eng"],"type":{"bibl":"chapter"},"name":{"displayForm":["Shoko Jin; Eva K. Grebel; Raoul Haschke"]},"title":[{"title_sort":"OGLE view of the bulge and Sagittarius","title":"An OGLE view of the bulge and Sagittarius"}],"id":{"eki":["1486417213"]},"relHost":[{"name":{"displayForm":["edited by Sofia Feltzing"]},"disp":"An OGLE view of the bulge and SagittariusSetting the scene for Gaia and LAMOST (IAU S298) - the current and next generations of surveys and models","relMultPart":[{"origin":[{"publisherPlace":"Cambridge [u.a.] ; Dordrecht","publisher":"Cambridge Univ. Press ; Reidel","dateIssuedDisp":"1985-2015","dateIssuedKey":"1985"}],"recId":"129582581","part":{"number":["298"],"number_sort":["298"]},"corporate":[{"display":"International Astronomical Union","role":"aut"}],"disp":"IAU symposium","pubHistory":["106.1983(1985) - 107.1983(1985); 108.1983(1984) - 313.2014(2015)"],"id":{"eki":["129582581"],"zdb":["232923-2"],"issn":["1743-9213"]},"note":["Fortgesetzt als Monografie"],"title":[{"title":"Proceedings of the ... symposium of the International Astronomical Union","title_sort":"Proceedings of the ... symposium of the International Astronomical Union"}],"dispAlt":"International Astronomical Union: Proceedings of the ... symposium of the International Astronomical Union","titleAlt":[{"title":"Symposium"},{"title":"IAU symposium"},{"title":"IAU symposium proceedings series"},{"title":"Proceedings of the International Astronomical Union"},{"title":"IAU symp."},{"title":"International Astronomical Union (IAU) symposia"},{"title":"IAU symposium series"}],"language":["eng"],"type":{"bibl":"serial"}}],"part":{"extent":"1","year":"2014","text":"(2014), Seite 415","pages":"415"},"recId":"1607278219","origin":[{"dateIssuedDisp":"2014","dateIssuedKey":"2014","publisher":"Cambridge University Press","publisherPlace":"Cambridge [u.a.]"}],"type":{"bibl":"edited-book"},"language":["eng"],"title":[{"subtitle":"proceedings of the 298th Symposium of the International Astronomical Union held in Lijiang, China, May 20 - 24, 2013","title":"Setting the scene for Gaia and LAMOST (IAU S298) - the current and next generations of surveys and models","title_sort":"Setting the scene for Gaia and LAMOST (IAU S298) - the current and next generations of surveys and models"}],"id":{"isbn":["9781107045293"],"eki":["1607278219"]},"physDesc":[{"extent":"XXVI, 460 S.","noteIll":"Ill., graph. Darst."}],"person":[{"role":"edt","family":"Feltzing","given":"Sofia","display":"Feltzing, Sofia"}]}]} 
SRT |a JINSHOKOGROGLEVIEWOF2014